000 00388 a2200157 4500
001 48494
020 _a9788508168088
040 _cAnchieta - Bela Vista
100 _aSésamo, Vila
240 1 0 _aQuando eu crescer quero ser astronauta
_lpor
245 1 0 _aQuando eu crescer quero ser astronauta
300 _a12
362 0 _a2014
650 4 _aLiteratura infanto-juvenil
942 _cBK
999 _c48494
_d48494